The First 100 Words of Charlie and the Chocolate Factory - Statistics

General Stats
  • This quiz has been taken 391 times
  • The average score is 55 of 100
Answer Stats
Answer % Correct
Charlie
95%
Charlie.
95%
a
93%
the
93%
The
93%
and
83%
And
83%
He
78%
is
76%
Grandpa
71%
to
71%
Grandma
67%
of
65%
d'you
63%
mother
63%
you.
63%
father
62%
boy
58%
do?
56%
do
56%
are
55%
Bucket.
54%
Bucket
54%
Bucket -
54%
This
54%
this
54%
How
53%
how
53%
name
50%
have
47%
Their
47%
live
46%
Joe
45%
Mr.
44%
Mrs.
42%
family -
40%
old
39%
whose
38%
small
37%
little
35%
people
34%
These
33%
these
33%
George
32%
two
31%
Georgina.
30%
Josephine.
30%
names
29%
them)
29%
very
28%
meet
21%
pleased
18%
again?
15%
six
10%
whole
10%
grownups
5%
(count
4%
No matching quizzes found
Score Distribution
Percent of People with Each Score
Percentile by Number Answered
Your Score History
You have not taken this quiz